Historia de la literatura italiana

Збережено в:
Бібліографічні деталі
Автор: Vossler, Karl
Формат: Книга
Мова:Undetermined
Опубліковано: Barcelona, España Labor 1951
Редагування:2
Предмети:
Теги: Додати тег
Немає тегів, Будьте першим, хто поставить тег для цього запису!

MARC

LEADER 00000nam a2200000Ia 4500
008 170316s9999 xx 000 0 und d
999 |c 8228  |d 8228 
040 |a cru BVZT 
090 |a 850 V-2h 
100 |a Vossler, Karl 
245 |a Historia de la literatura italiana  |c / Karl Vossler 
250 |a 2 
260 |a Barcelona, España  |b Labor  |c 1951 
300 |a 179 páginas 
650 |a LITERATURA ITALIANA  |9 212 
942 |c 15 D  |h 850 V-2h  |2 z